An introduction to the Theory of Numbers
Gespeichert in:
| Hauptverfasser: | , |
|---|---|
| Format: | Buch |
| Sprache: | Englisch |
| Veröffentlicht: |
Nueva York
John Wiley and Sons
1966
|
| Ausgabe: | 2a. ed |
| Schlagworte: | |
| Tags: |
Tag hinzufügen
Keine Tags, Fügen Sie den ersten Tag hinzu!
|
MARC
| LEADER | 00000cam a2200000 a 4500 | ||
|---|---|---|---|
| 001 | UCF2827 | ||
| 003 | CL-VaPUC | ||
| 005 | 20230712095644.0 | ||
| 008 | 120910e19660000US |||||||||||||||||eng|d | ||
| 999 | |c 349365 |d 349363 | ||
| 040 | |c Pontificia Universidad Católica de Valparaíso | ||
| 082 | 0 | 4 | |a 512.7 |b NIV |2 21 |
| 100 | |a Niven, Ivan Morton |e author |9 564652 | ||
| 245 | 1 | 3 | |a An introduction to the Theory of Numbers |
| 250 | |a 2a. ed | ||
| 260 | |a Nueva York |b John Wiley and Sons |c 1966 | ||
| 300 | |a 280 p | ||
| 583 | |a last modification |c 20120910 11:39:00 |k Rodrigo Vera | ||
| 650 | 0 | |a Teoría de números |9 265327 |v Problemas, ejercicios, etc | |
| 700 | 0 | |a Zuckerman, Herbert S |e author |9 564653 | |
| 942 | |c BK |2 ddc | ||
| 945 | |d 20120910 00:00:00 |a dcastane | ||
| 952 | |0 0 |1 0 |2 ddc |4 0 |6 512_700000000000000_NIV_1966 |7 0 |8 A |9 451971 |a BIBMAT |b BIBMAT |c GEN |d 2019-11-22 |i 4888383 |o 512.7 NIV 1966 |p 4888383 |r 2025-01-07 |w 2019-11-22 |y BK |k MAT | ||